| 000 | 008090000a22002410004500 | ||
|---|---|---|---|
| 003 | LK-CoMWRAF | ||
| 005 | 20231027135440.0 | ||
| 008 | 230817t2002 ||||| |||| 00| 0 eng d | ||
| 020 | _a1842772031 | ||
| 040 |
_aLK-CoMWRAF _dLK-CoMWRAF _eLK-CoMWRAF |
||
| 041 | _aeng | ||
| 082 |
_a306 _bHYB |
||
| 245 |
_aThe Hybrid Island: _bCulture Crossings And The Invention Of Identity In Sri Lanka |
||
| 260 |
_aColombo: _bSocial Scientists' Association, _c2002 |
||
| 300 |
_avii, 177 p. : ill. ; 23 cm. _bBibliography and index included |
||
| 650 | _aCULTURAL FUSION-Sri Lanka | ||
| 650 | _aHYBRIDITY (Social sciences) -- Sri Lanka | ||
| 650 | _aGroup identity--Sri Lanka. | ||
| 650 | _aSinhalese (Sri Lankan people)--Ethnic identity. | ||
| 650 | _aRace relations | ||
| 700 |
_aSilva, Neluka _eed. |
||
| 942 | _cBK | ||
| 999 |
_c424 _d424 |
||